000 00268nam a2200109Ia 4500
008 200302s9999 xx 000 0 und d
100 _aRoger Yee
245 _aCorporate Interiors No5
260 _bVisual Reference publications Inc.
260 _c2003
300 _a398 P.,
999 _c1553
_d1553